| 000 | 00710cab a2200205 4500 | ||
|---|---|---|---|
| 001 | ABS41554 | ||
| 008 | 090401t1989 xxu||||| |||| 00| 0 eng d | ||
| 035 | _a(Sirsi) u30890 | ||
| 041 | _aeng | ||
| 100 | _aMcArthur, A. | ||
| 245 | _aRegenerating public sector housing estates: the role of community enterprise | ||
| 260 | _c1989 | ||
| 350 | _a0 | ||
| 490 |
_aLocal Economy _v4(1) May 1989, 29-42(8) |
||
| 520 | _aFocuses on the potentials associated with community action in the local economy and the acute economic problems of public sector housing estates via collected case studies. References. | ||
| 690 |
_aBlock management _96220 |
||
| 700 | _aMcGregor, A. | ||
| 942 | _n0 | ||
| 948 | _c04/03/1997 | ||
| 999 |
_c20798 _d20798 |
||